Which Country Flag Doesn't Have... - Statistics

General Stats
  • This quiz has been taken 153 times
    151 since last reset
  • The average score is 13 of 15
Answer Stats
Question Answer % Correct
Yellow Austria
100%
Red and Green Bahrain
100%
A star Mexico
100%
Blue Montenegro
100%
A Cross Spain
100%
A Union Jack Tonga
100%
A Building Angola
83%
Green Egypt
83%
Red, White and Blue Japan
83%
Yellow Maldives
83%
A Bird Sudan
83%
The Southern Cross Uruguay
83%
Blue and Black Burundi
67%
A Weapon Rwanda
50%
A Crescent Facing Up Algeria
33%
No matching quizzes found
Score Distribution
Percent of People with Each Score
Percentile by Number Answered
Your Score History
You have not taken this quiz since the last reset